Cuentos libertinos (Registro nro. 309838)

Detalles MARC
000 -ENCABEZADO
Número de control [NR] 00942nam a22002657a 4500
005 - FECHA Y HORA DE LA ÚLTIMA TRANSACCIÓN
control field 20180509090411.0
008 - DE LONGITUD FIJA DE DATOS DE ELEMENTOS - INFORMACIÓN GENERAL
Elementos de longitud fija [NR] 180509s1981 sp gr spa d
040 ## - FUENTE DE CATALOGACION [NR]
Agencia de catalogación original [NR] Co-BoUCM
Idioma de catalogación [NR] spa
Quien Cataloga Saul Niño
Quien Clasifica Saul Niño
041 00 - CODIGO DE IDIOMA [R]
Código de idioma para texto/pista de sonido o título separado [R] Español
100 10 - ASIENTO PRINCIPAL--NOMBRE PERSONAL [NR]
Nombre personal [NR] Balzac, Honoré De
Fechas asociadas con el nombre [NR] 1799-1850
ID Autoridad 45486
245 04 - MENCION DE TITULO [NR]
Título [NR] Cuentos libertinos
Mención de responsabilidad, etc. [NR] Honore de Balzac ; traducción Noelle Boer y María Teresa Cirlot
260 ## - PUBLICACION, DISTRIBUCION, ETC. (PIE DE IMPRENTA) [R]
Lugar de publicación, distribución, etc. [R] Barcelona (España)
Nombre del editor, distribuidor, etc. [R] Bruguera
Fecha de publicación, distribución, etc. [R] 1981
300 ## - DESCRIPCION FISICA [R]
Extensión [R] 349 páginas
Otros detalles físicos [NR] ilustraciones
490 0# - MENCION DE SERIE [R]
Mención de serie [R] Bruguera - libro amigo
Designación numérica/secuencial del volumen [NR] 1502. 840
500 ## - NOTA GENERAL [R]
Nota general [NR] Edición Carlos Pujol
650 04 - ASIENTO SECUNDARIO DE MATERIA - TERMINO TEMATICO [R]
Término temático o nombre geográfico como elemento de entrada [NR] Literatura francesa
9 (RLIN) 7794
650 #7 - ASIENTO SECUNDARIO DE MATERIA - TERMINO TEMATICO [R]
Término temático o nombre geográfico como elemento de entrada [NR] Cuentos franceses
9 (RLIN) 12274
650 #7 - ASIENTO SECUNDARIO DE MATERIA - TERMINO TEMATICO [R]
Término temático o nombre geográfico como elemento de entrada [NR] Humorismo
9 (RLIN) 17085
650 #7 - ASIENTO SECUNDARIO DE MATERIA - TERMINO TEMATICO [R]
Término temático o nombre geográfico como elemento de entrada [NR] Relatos
9 (RLIN) 23487
700 10 - ASIENTO SECUNDARIO - NOMBRE PERSONAL [R]
Nombre personal [NR] Boer, Noelle
Término de relación [R] traductor
9 (RLIN) 92394
700 10 - ASIENTO SECUNDARIO - NOMBRE PERSONAL [R]
Nombre personal [NR] Cirlot, María Teresa
Término de relación [R] traductor
9 (RLIN) 92395
765 ## - ASIENTO DE IDIOMA ORIGINAL [R]
Título [NR] Les contes drolatiques
942 ## - ELEMENTOS DE ENTRADA AGREGADOS (KOHA)
Tipo de ítem principal el descrito en 300a Libro
Tema principal Literatura
Edición 1
Parte restante de la signatura top. B15
Título oculto en OPAC No
Sistema de clasificación DEWEY
Clasificación 843.7
Existencias
Fecha de último préstamo Total préstamos Total Renewals Signatura topográfica Código de barras Última vez visto Ejemplar Costo de reposición Price effective from Tipo de ítem Nota pública (OPAC) Perdido Sistema de clasificación Dañado No prestable Tipo de ítem específico Suprimido Ubicación habitual Ubicación actual Localización Fecha de creación Proveedor Forma de adquisición Costo
22/01/2019 1 1 843.7 B15 100157206 11/12/2025 Ej.1 26000.00 07/05/2018 Libro Spot Literatura general   DEWEY     Libro   Quinta de Mutis Quinta de Mutis Mezanecs 07/05/2018 12 Donación 0.00